|
|
|
|
| LEADER |
00000nam0a2200000 4500 |
| 001 |
105764 |
| 005 |
20231031114620.0 |
| 010 |
|
|
|a 5020288322
|
| 035 |
|
|
|a (RuTPU)RU\TPU\book\114124
|
| 090 |
|
|
|a 105764
|
| 100 |
|
|
|a 20061121d1990 k y0rusy5003 ca
|
| 101 |
0 |
|
|a rus
|
| 102 |
|
|
|a RU
|
| 105 |
|
|
|a ab z 001zy
|
| 200 |
1 |
|
|a Геохимические критерии прогнозной оценки оруденения
|e сборник научных трудов
|f Академия наук СССР, Сибирское отделение, Институт геологии и геофизики; отв. ред. Н. А. Росляков
|
| 210 |
|
|
|a Новосибирск
|c Наука
|d 1990
|
| 215 |
|
|
|a 223 с.
|c ил.
|d 27 см
|
| 320 |
|
|
|a Библиогр.: с. 214-222.
|
| 330 |
|
|
|a В сборник включены статьи известных специалистов в области локального прогноза и применения геохимии в металлогеническом анализе. Приводятся новейшие данные по разработке легенды геохимических карт, критериев локального прогноза золоторудных, медно-никелевых, медно-молибденовых, полиметаллических, редко-металльных и других рудно-формационных типов месторождений. Уделено внимание прогнозированию оруденения на глубину по эндогенным и гипергенным аномалиям. Приводятся примеры количественной оценки рудных узлов, полей и месторождений СССР и Монголии. Обсуждаются способы получения обработки и интерпретации геохимических данных в целях прогноза.Сборник представляет интерес для научных работников и геологов-практиков, занимающихся поисками, прогнозированием и разведкой полезных ископаемых, для преподавателей вузов и студентов.
|
| 610 |
1 |
|
|a геохимия
|
| 610 |
1 |
|
|a рудные месторождения
|
| 610 |
1 |
|
|a прогноз
|
| 610 |
1 |
|
|a геохимические методы
|
| 610 |
1 |
|
|a металлогенические исследования
|
| 610 |
1 |
|
|a оруденение
|
| 610 |
1 |
|
|a прогнозирование
|
| 610 |
1 |
|
|a эндогенные аномалии
|
| 610 |
1 |
|
|a гипергенные аномалии
|
| 610 |
1 |
|
|a количественная оценка
|
| 610 |
1 |
|
|a СССР
|
| 610 |
1 |
|
|a Монголия
|
| 610 |
1 |
|
|a геохимические данные
|
| 610 |
1 |
|
|a труды учёных ТПУ
|
| 675 |
|
|
|a 553.044
|z rus
|v 3
|
| 702 |
|
1 |
|a Росляков
|b Н. А.
|g Николай Александрович
|4 340
|
| 712 |
0 |
2 |
|a Академия наук СССР
|b Сибирское отделение
|b Институт геологии и геофизики
|2 stltpush
|3 (RuTPU)RU\TPU\col\128
|
| 801 |
|
0 |
|a RU
|b RuMRKP
|c 19960705
|g psbo
|
| 801 |
|
1 |
|a RU
|b 63413507
|c 20061121
|g PSBO
|
| 801 |
|
2 |
|a RU
|b 63413507
|c 20090122
|g PSBO
|
| 942 |
|
|
|c BK
|